750 Čachtice 1248-1998 multimediálne CD o obci Čachtice

Podrobná bibliografia
Médium: Kniha
Jazyk:slovenčina
Fyzický popis:1 CD ROM
Vydavateľské údaje: Nové Mesto nad Váhom VISGRA 1998
Predmet:

MARC

LEADER 00000nam a2200000 a 4500
001 vtls001361795
003 SK-MaSNL
005 20260301010712.0
008 251023s1998 xo 0 slo
015 |a SNBS1999/03-01366 
035 |a SNK000315377 
040 |a SNK  |b slo  |c SNK  |e AACR2 
044 |a xo  |c SK 
080 |a 908.437.626(086.7)  |2 1981 
080 |a 943.76  |2 1981 
245 1 |a 750 Čachtice 1248-1998  |h elektronický zdroj  |b multimediálne CD o obci Čachtice 
246 1 3 |a Sedemstopäťdesiat Čachtice 1248-1998 
256 |a Elektronický optický zdroj 
260 |a Nové Mesto nad Váhom  |b VISGRA  |c 1998 
300 |a 1 CD ROM 
500 |a Multimediálny CD ROM 
538 |a Minimálne požiadavky na systém: WIN 3.x, CD-ROM 4 x, VGA 256, PC 386 
648 7 |a 1248-1998  |2 SNK  |9 292935 
651 7 |a Čachtice (Slovensko)  |2 SNKPHgeo  |9 169311 
655 7 |a interaktívne multimédiá  |2 SNK  |9 63289 
655 7 |a CD-ROM  |2 SNK  |9 70236 
999 |c 548864  |d 550794 
952 |t P60, <03>, [BOOK], {603}  |a SNK  |b SNK  |y PREZ  |7 0  |p 17A0191085  |o snkSCDM 52  |i snkJK 215/99  |0 0  |1 0  |4 0  |d 1999-04-27  |l 0  |r 2005-01-02 00:00:00  |w 2026-02-23